Manual del matrimonio: guí­a práctica de las relaciones sexuales y matrimoniales (Record no. 20500)

MARC details
000 -LEADER
campo de control de longitud fija 00419nam a2200133Ia 4500
008 - DATOS DE LONGITUD FIJA--INFORMACIÓN GENERAL
campo de control de longitud fija 231129s1967||||xx |||||||||||||| ||spa||
040 ## - FUENTE DE CATALOGACIÓN
Lengua de catalogación spa
082 ## - NÚMERO DE LA CLASIFICACIÓN DECIMAL DEWEY
Número de clasificación [EN PROCESO DE DESCARTE] 234.161 S877m
100 ## - ENTRADA PRINCIPAL--NOMBRE DE PERSONA
Nombre de persona Stone Hannah M.
245 #0 - MENCIÓN DEL TÍTULO
Título Manual del matrimonio: guí­a práctica de las relaciones sexuales y matrimoniales
260 ## - PUBLICACIÓN, DISTRIBUCIÓN, ETC.
Fecha de publicación, distribución, etc. 1967
264 ## - PRODUCCIÓN, PUBLICACIÓN, DISTRIBUCIÓN, FABRICACIÓN Y COPYRIGHT
Producción, publicación, distribución, fabricación y copyright New York (State) : Editors Press Service
942 ## - ELEMENTOS DE ENTRADA SECUNDARIOS (KOHA)
Fuente del sistema de clasificación o colocación Clasificación Decimal Dewey
Tipo de ítem Koha
Holdings
Estatus retirado Estado de pérdida Fuente del sistema de clasificación o colocación Estado de daño No para préstamo Biblioteca de origen Biblioteca actual Fecha de adquisición Total de préstamos Signatura topográfica completa Código de barras Visto por última vez Copia número Precio de reemplazo Tipo de ítem Koha
    Clasificación Decimal Dewey     BIBLIOTECA PÚBLICA MUNICIPAL RAMON CORREA MEJIA BIBLIOTECA PÚBLICA MUNICIPAL RAMON CORREA MEJIA 17/08/2017   [EN PROCESO DE DESCARTE] 234.161 S877m 39694 29/11/2023 1 29/11/2023 Libros

Powered by Koha